Elenca la formazione - Quiz n°197 - Statistics

Statistiche generali
  • Questo quiz è stato fatto 121 volte
  • Il punteggio medio è 10 su 11
Statistiche sulle risposte
Ruolo Nazione Calciatore % Corretto
Difensore Austria David Alaba
97%
Centrocampista Croazia Luka Modrić
97%
Attaccante Brasile Vinícius Júnior
96%
Attaccante Francia Karim Benzema
94%
Difensore Germania ntonio Rüdiger
94%
Difensore Spagna Daniel Carvajal
93%
Portiere Ucraina Andriy Lunin
89%
Centrocampista Germania Toni Kroos
89%
Difensore Francia Eduardo Camavinga
87%
Attaccante Uruguay Federico Valverde
86%
Centrocampista Francia Aurélien Tchouaméni
80%
Nessun quiz corrispondente trovato
Distribuzione punteggi
Percentuale di utenti per punteggio
Percentile per numero di risposta
I tuoi punteggi nel tempo
Non hai fatto questo quiz